| 000 | 00573cam a22002053a 4500 | ||
|---|---|---|---|
| 001 | 44091 | ||
| 003 | PGUSA | ||
| 005 | 20140828084014.0 | ||
| 008 | 131102s2013||||xxu|||||s|||||000 | eng d | ||
| 040 |
_aPGUSA _beng |
||
| 042 | _adc | ||
| 100 | 1 |
_aSharp, William, _d1855-1905 |
|
| 245 | 1 | 0 |
_aGreen Fire : _bA Romance _h[electronic resource] / _cWilliam Sharp |
| 260 |
_bProject Gutenberg, _c2013 |
||
| 506 | _aPublic domain in the USA. | ||
| 516 | _aElectronic text | ||
| 830 | 0 |
_aProject Gutenberg _v44091 |
|
| 856 | 4 | 0 | _uhttp://www.gutenberg.org/ebooks/44091 |
| 942 | _cEB | ||
| 999 |
_c273342 _d273342 |
||